书目信息 |
| 题名: |
和大人一起读
|
|
| 作者: | 张迎娟 编 | |
| 分册: | 二 童诗童谣篇 | |
| 出版信息: | 长沙 湖南人民出版社 2020.08 |
|
| 页数: | 11,50页 | |
| 开本: | 24cm | |
| 丛书名: | ||
| 单 册: | ||
| 中图分类: | G624.233 , I287.2 | |
| 科图分类: | ||
| 主题词: | 阅读课--小学--课外读物 , 儿童诗歌--诗集--中国--当代 , 儿歌--作品集--中国--当代 | |
| 电子资源: | ||
| ISBN: | 978-7-5561-2484-8 | |
| 000 | 00773nam0 2200265 45 | |
| 001 | 012001002334 | |
| 005 | 20221207140915.55 | |
| 010 | @a978-7-5561-2484-8@dCNY12.50 | |
| 100 | @a20220905d2020 cemy0chiy50 ea | |
| 101 | 0 | @achi |
| 102 | @aCN@b430000 | |
| 105 | @aa z 000gy | |
| 106 | @ar | |
| 200 | 1 | @a和大人一起读@Ahe da ren yi qi du@h二@i童诗童谣篇@f张迎娟编 |
| 210 | @a长沙@c湖南人民出版社@d2020.08 | |
| 215 | @a11,50页@c彩图@d24cm | |
| 300 | @a四维阅读/朱爱朝主编 | |
| 606 | 0 | @a阅读课@x小学@j课外读物 |
| 606 | 0 | @a儿童诗歌@x诗集@y中国@z当代 |
| 606 | 0 | @a儿歌@x作品集@y中国@z当代 |
| 690 | @aG624.233@v5 | |
| 690 | @aI287.2@v5 | |
| 701 | 0 | @a张迎娟@Azhang ying juan@4编 |
| 801 | 0 | @aCN@bAHXH@c20221111 |
| 905 | @b1367939-41@dG624.233@e2590:2(2)@f3 | |
| 和大人一起读.二.童诗童谣篇/张迎娟编.-长沙:湖南人民出版社,2020.08 |
| 11,50页:彩图;24cm |
| 四维阅读/朱爱朝主编 |
| ISBN 978-7-5561-2484-8:CNY12.50 |
| ● |
| 相关链接 |
|
|
|
|
正题名:和大人一起读
索取号:G624.233/2590:2(2)
 
预约/预借
| 序号 | 登录号 | 条形码 | 馆藏地/架位号 | 状态 | 备注 |
| 1 | 1367939 | 213679394 | 第一样本阅览室/ [索取号:G624.233/2590:2(2)] | 在馆 | |
| 2 | 1367940 | 213679401 | 第四借阅区/ [索取号:G624.233/2590:2(2)] | 在馆 | |
| 3 | 1367941 | 213679410 | 第四借阅区/ [索取号:G624.233/2590:2(2)] | 在馆 |